000 00337nam a2200121Ia 4500
008 240624s9999 xx 000 0 und d
041 _aeng
082 _a332.6 HAG
100 _aHANGSTROM ROBERT G
245 _aWARREN BUFFETT PORTFOLIO MASTERING THE P
260 _c1999
_aNew York
_bJohn Wiley and Sons
300 _ax, : 246 : p. : cm. ; 23
999 _c9525
_d9525